Post-adoption borrowing behaviour of users of digital lending applications: (Record no. 115695)

MARC details
000 -LEADER
fixed length control field 00480nam a22001337a 4500
005 - DATE AND TIME OF LATEST TRANSACTION
control field 20260309134411.0
008 - FIXED-LENGTH DATA ELEMENTS--GENERAL INFORMATION
fixed length control field 260309b |||||||| |||| 00| 0 eng d
100 ## - MAIN ENTRY--PERSONAL NAME
Personal name Naomy Nasambu Simiyu
245 ## - TITLE STATEMENT
Title Post-adoption borrowing behaviour of users of digital lending applications:
Remainder of title cognitive and contextual determinants in India and Kenya
260 ## - PUBLICATION, DISTRIBUTION, ETC. (IMPRINT)
Place of publication, distribution, etc Kochi
Name of publisher, distributor, etc School of Management Studies, CUSAT
Date of publication, distribution, etc 2025
300 ## - PHYSICAL DESCRIPTION
Extent xiv,341p.
700 ## - ADDED ENTRY--PERSONAL NAME
Personal name Guided by Santhosh Kumar S.
942 ## - ADDED ENTRY ELEMENTS (KOHA)
item type Under processing
Holdings
Lost status Source of classification or shelving scheme Not for loan Home library Current library Date acquired Total Checkouts Barcode Date last seen Price effective from Koha item type
  Universal Decimal Classification Not For Loan University Library University Library 09/03/2026   T0002451 09/03/2026 09/03/2026 Under processing
University Library, CUSAT